[Event "FRA-chT Top 12 (Women)"]
[Site "Montpellier"]
[Date "2012.01.21"]
[Round "?"]
[White "Lamoureux, Izabelle"]
[Black "Piquemal, Christiane"]
[Result "1-0"]
[WhiteElo "2085"]
[BlackElo "2049"]
[PlyCount "51"]
[EventDate "2012.01.20"]
[EventType "team-match"]
[EventRounds "3"]
[EventCountry "FRA"]
[SourceTitle "EXT 2014"]
[Source "ChessBase"]
[SourceDate "2013.11.20"]
[SourceVersion "1"]
[SourceVersionDate "2013.11.20"]
[SourceQuality "1"]

1. e4 c5 2. Nf3 d6 3. d4 cxd4 4. Nxd4 Nf6 5. Nc3 a6 6. h3 e6 7. g4 d5 8. Bg2 Nxe4 9. Nxe4 dxe4 10. Bxe4 Qa5+ 11. c3 Qe5 12. Qf3 Bd6 13. Be3 Nd7 14. Bxb7 Bxb7 15. Qxb7 Rb8 16. Qxa6 Qe4 17. 0-0-0 Bc5 18. Nc6 Bxe3+ 19. fxe3 Nc5 20. Qa7 Qxe3+ 21. Kb1 Rxb2+ 22. Kxb2 0-0 23. Rh2 Nd3+ 24. Ka1 Qf3 25. Ne7+ Kh8 26. Rhd2 1-0

[Event "FRA-chT1 1011"]
[Site "France"]
[Date "2010.11.14"]
[Round "3.7"]
[White "Van Hoolandt, Patrick"]
[Black "Piquemal, Christiane"]
[Result "1-0"]
[WhiteElo "2135"]
[BlackElo "2058"]
[PlyCount "73"]
[EventDate "2010.10.17"]
[EventType "team-tourn"]
[EventRounds "11"]
[EventCountry "FRA"]
[SourceTitle "EXT 2012"]
[Source "ChessBase"]
[SourceDate "2011.11.24"]
[SourceVersion "1"]
[SourceVersionDate "2011.11.24"]
[SourceQuality "1"]

1. d4 Nf6 2. c4 g6 3. Nc3 Bg7 4. e4 d6 5. Nf3 0-0 6. Be3 e5 7. dxe5 dxe5 8. Qxd8 Rxd8 9. Nd5 Nxd5 10. cxd5 c6 11. Bc4 b5 12. Bb3 Bb7 13. Rc1 h6 14. 0-0 cxd5 15. Rc7 Bc8 16. Bxd5 Na6 17. Rcc1 Rxd5 18. exd5 Nb4 19. Rfd1 e4 20. Ne1 Bf5 21. d6 Rd8 22. Bxa7 Nd3 23. Nxd3 exd3 24. g4 Be4 25. f3 Bxf3 26. Rxd3 Bxg4 27. Bb6 Rd7 28. b3 Bf5 29. Rc7 Rd8 30. d7 Bxd3 31. Rc8 Bf6 32. Bxd8 Bd4+ 33. Kg2 Be4+ 34. Kg3 Be5+ 35. Kf2 Bd4+ 36. Ke2 Kg7 37. Be7 1-0

[Event "FRA-chT2 Top 12 (Women)"]
[Site "France"]
[Date "2009.05.24"]
[Round "2.2"]
[White "Piquemal, Christiane"]
[Black "Dubois, Martine"]
[Result "1/2-1/2"]
[WhiteElo "2065"]
[BlackElo "2041"]
[PlyCount "134"]
[EventDate "2009.05.23"]
[EventType "team-swiss"]
[EventRounds "3"]
[EventCountry "FRA"]
[SourceTitle "EXT 2010"]
[Source "ChessBase"]
[SourceDate "2010.11.25"]
[SourceVersion "1"]
[SourceVersionDate "2010.11.25"]
[SourceQuality "1"]

1. d4 Nf6 2. c4 e5 3. d5 Bc5 4. e3 0-0 5. Nc3 d6 6. Qc2 c6 7. Nf3 Bg4 8. Be2 cxd5 9. cxd5 Nbd7 10. 0-0 Rc8 11. e4 h6 12. a3 Bd4 13. Bd2 Nc5 14. Nxd4 exd4 15. Bxg4 Nxg4 16. Nb5 d3 17. Qd1 Nxe4 18. Qxg4 Nxd2 19. Rfd1 Nb3 20. Rab1 Qb6 21. Nc3 Nc5 22. Qg3 f5 23. Qf4 Ne4 24. Qe3 Nxc3 25. bxc3 Qxe3 26. fxe3 Rxc3 27. Rxb7 Rfc8 28. Kf1 Rxa3 29. Rd7 Rc2 30. Rxd6 Rca2 31. Rc6 Ra1 32. Ke1 d2+ 33. Ke2 Rxd1 34. Kxd1 Rd3 35. d6 a5 36. Ra6 a4 37. Rxa4 Rxd6 38. Ra5 g6 39. Ra7 Rb6 40. Ra2 Rb3 41. Kxd2 Kf7 42. Ke2 Kf6 43. Ra6+ Kg5 44. h4+ Kh5 45. Kf3 g5 46. hxg5 hxg5 47. g3 Rb4 48. Rf6 g4+ 49. Kf2 Rb2+ 50. Kf1 Kg5 51. Rf8 Ra2 52. Rf7 Kg6 53. Rf8 Rb2 54. Rc8 Kf6 55. Rc5 Ke6 56. Ra5 Rd2 57. Rb5 Rd5 58. Rb8 Rd1+ 59. Ke2 Rh1 60. Rb5 Rh2+ 61. Kf1 Rd2 62. Ra5 Rd5 63. Ra8 Rb5 64. Ke2 Rb2+ 65. Kf1 Kd5 66. Re8 Kc4 67. e4 Rb1+ 1/2-1/2

[Event "FRA-chT2 Top 12 (Women)"]
[Site "France"]
[Date "2009.05.24"]
[Round "3.2"]
[White "Soubrier, Aude"]
[Black "Piquemal, Christiane"]
[Result "1/2-1/2"]
[WhiteElo "2014"]
[BlackElo "2065"]
[PlyCount "88"]
[EventDate "2009.05.23"]
[EventType "team-swiss"]
[EventRounds "3"]
[EventCountry "FRA"]
[SourceTitle "EXT 2010"]
[Source "ChessBase"]
[SourceDate "2010.11.25"]
[SourceVersion "1"]
[SourceVersionDate "2010.11.25"]
[SourceQuality "1"]

1. e4 c5 2. c3 e6 3. d4 cxd4 4. cxd4 Nf6 5. Nc3 Bb4 6. Bd3 Nc6 7. Nf3 d5 8. e5 Ne4 9. Qc2 Qa5 10. Bd2 Nxd2 11. Qxd2 Bd7 12. 0-0 h6 13. Rfc1 0-0 14. h4 f5 15. Qf4 Bxc3 16. Rxc3 Rac8 17. Rc5 Qd8 18. Rac1 Ne7 19. b4 Rxc5 20. Rxc5 a6 21. Qc1 Bc6 22. Nd2 Qe8 23. Be2 Qg6 24. Rc3 Bb5 25. Bxb5 axb5 26. Rc7 Nc6 27. Qc5 Rf7 28. Rxf7 Qxf7 29. Nf3 Qe7 30. Qxe7 Nxe7 31. Kf1 Kf8 32. Ke2 Ke8 33. Kd3 Kd7 34. g3 b6 35. h5 Nc6 36. a3 Ne7 37. Nh4 Ke8 38. Ng6 Nxg6 39. hxg6 Ke7 40. Kc3 Kd7 41. Kb3 Kc7 42. a4 Kb7 43. a5 Ka6 44. axb6 Kxb6 1/2-1/2

[Event "FRA-chT2 0405"]
[Site "France"]
[Date "2005.01.08"]
[Round "5.8"]
[White "Piquemal, Christiane"]
[Black "Mohseni Chabasteri, Katayoun"]
[Result "1-0"]
[WhiteElo "2054"]
[BlackElo "1499"]
[PlyCount "59"]
[EventDate "2004.10.10"]
[EventType "team"]
[EventRounds "11"]
[EventCountry "FRA"]
[SourceTitle "EXT 2006"]
[Source "ChessBase"]
[SourceDate "2005.11.24"]
[SourceVersion "1"]
[SourceVersionDate "2005.11.24"]
[SourceQuality "1"]
[WhiteTeam "Marseille EFE"]
[BlackTeam "Condom"]
[WhiteTeamCountry "FRA"]
[BlackTeamCountry "FRA"]

1. d4 d5 2. c4 Nf6 3. Nc3 e6 4. Nf3 Bd6 5. Bg5 h6 6. Bxf6 Qxf6 7. cxd5 exd5 8. Nxd5 Qd8 9. e4 0-0 10. Bd3 c6 11. Nc3 Be6 12. 0-0 Nd7 13. Qe2 Qe7 14. h3 b6 15. d5 Rac8 16. dxe6 fxe6 17. e5 Nc5 18. exd6 Qxd6 19. Rad1 Nxd3 20. Rxd3 Qe7 21. Rfd1 e5 22. Rd7 Qf6 23. Ne4 Qe6 24. Rxa7 Rf7 25. Rxf7 Kxf7 26. Nd6+ Ke7 27. Nxc8+ Qxc8 28. Qxe5+ Qe6 29. Qc7+ Kf6 30. Rd6 1-0

[Event "FRA-chT2 0405"]
[Site "France"]
[Date "2004.12.05"]
[Round "4.5"]
[White "Piquemal, Christiane"]
[Black "Tournier, Mathieu"]
[Result "1-0"]
[WhiteElo "2054"]
[BlackElo "2205"]
[PlyCount "77"]
[EventDate "2004.10.10"]
[EventType "team"]
[EventRounds "11"]
[EventCountry "FRA"]
[SourceTitle "EXT 2006"]
[Source "ChessBase"]
[SourceDate "2005.11.24"]
[SourceVersion "1"]
[SourceVersionDate "2005.11.24"]
[SourceQuality "1"]

1. d4 d5 2. c4 c6 3. Nc3 Nf6 4. Nf3 e6 5. e3 Nbd7 6. Bd3 dxc4 7. Bxc4 b5 8. Bd3 Bb7 9. 0-0 a6 10. e4 c5 11. d5 Qc7 12. dxe6 fxe6 13. Ng5 Qc6 14. Re1 Be7 15. Qe2 0-0 16. Nxb5 Ne5 17. Nc3 c4 18. Bc2 Nfg4 19. Nf3 Bc5 20. Be3 Nxe3 21. fxe3 Qc7 22. Nd4 Rae8 23. Rf1 Qd6 24. Rxf8+ Rxf8 25. Rd1 Qc7 26. Rf1 Rd8 27. Rd1 Rf8 28. Rf1 Rd8 29. Qh5 Nc6 30. e5 g6 31. Bxg6 Bxd4 32. exd4 hxg6 33. Qxg6+ Kh8 34. Rf3 Qh7 35. Qf6+ Qg7 36. Rh3+ Kg8 37. Qxe6+ Qf7 38. Rh8+ Kg7 39. Rh7+ 1-0

[Event "FRA-chT2 0405"]
[Site "France"]
[Date "2004.11.06"]
[Round "2.9"]
[White "Estevez, Dorothee"]
[Black "Piquemal, Christiane"]
[Result "0-1"]
[WhiteElo "1740"]
[BlackElo "2054"]
[PlyCount "92"]
[EventDate "2004.10.10"]
[EventType "team"]
[EventRounds "11"]
[EventCountry "FRA"]
[SourceTitle "EXT 2006"]
[Source "ChessBase"]
[SourceDate "2005.11.24"]
[SourceVersion "1"]
[SourceVersionDate "2005.11.24"]
[SourceQuality "1"]

1. d4 Nf6 2. c4 g6 3. Nc3 Bg7 4. Nf3 d6 5. e4 Nbd7 6. Be2 0-0 7. 0-0 e5 8. dxe5 dxe5 9. Qc2 c6 10. b3 Qe7 11. Bb2 Nh5 12. Rad1 Ndf6 13. Na4 Ne8 14. Qc1 b6 15. Qc3 Nf4 16. Rfe1 f6 17. Bf1 Nc7 18. b4 Bg4 19. a3 Rad8 20. Bc1 Nce6 21. Nb2 Bxf3 22. Qxf3 Nd4 23. Qc3 Nfe6 24. Nd3 Rd7 25. c5 b5 26. f4 Rfd8 27. Be3 g5 28. f5 Nf4 29. Kh1 Qf7 30. Nc1 Bh6 31. Rd2 g4 32. Red1 Qh5 33. Bxd4 Nd5 34. exd5 Bxd2 35. Rxd2 exd4 36. Rxd4 Rxd5 37. Rxd5 Rxd5 38. Bd3 g3 39. Kg1 Qxh2+ 40. Kf1 Qh1+ 41. Ke2 Qxg2+ 42. Kd1 Kg7 43. Ne2 Qf2 44. Kc2 g2 45. Qa1 Qe3 46. Qe1 h5 0-1

[Event "FRA-chT2 0304a"]
[Site "France"]
[Date "2004.04.04"]
[Round "11.7"]
[White "Piquemal, Christiane"]
[Black "Duquesnoy, Jean Philippe"]
[Result "1/2-1/2"]
[WhiteElo "2047"]
[BlackElo "2213"]
[PlyCount "83"]
[EventDate "2003.10.??"]
[EventType "team"]
[EventRounds "11"]
[EventCountry "FRA"]
[SourceTitle "EXT 2005"]
[Source "ChessBase"]
[SourceDate "2004.11.15"]
[SourceVersion "1"]
[SourceVersionDate "2004.11.15"]
[SourceQuality "1"]
[WhiteTeam "Marseille EFE"]
[BlackTeam "Avignon"]
[WhiteTeamCountry "FRA"]
[BlackTeamCountry "FRA"]

1. d4 Nf6 2. c4 g6 3. Nc3 d5 4. cxd5 Nxd5 5. e4 Nxc3 6. bxc3 Bg7 7. Nf3 c5 8. Be2 Nc6 9. e5 0-0 10. 0-0 cxd4 11. cxd4 Be6 12. Be3 Qa5 13. Qd2 Qxd2 14. Nxd2 Rfd8 15. Nf3 Rd7 16. a3 Rad8 17. Rab1 Bd5 18. Rfc1 f6 19. exf6 Bxf6 20. Ne5 Nxe5 21. dxe5 Bxe5 22. Bxa7 Be4 23. Rb4 Bc6 24. Be3 Ra8 25. Rb3 Bd6 26. Bg4 Rc7 27. Be6+ Kg7 28. Bd4+ Kf8 29. Bb2 Ra5 30. Rh3 Be5 31. Bxe5 Rxe5 32. Re3 Rg5 33. g3 Ra5 34. Rec3 Re5 35. Re3 Ra5 36. Rec3 Kg7 37. Bh3 Kf6 38. Bg2 e6 39. Bxc6 bxc6 40. Rxc6 Rxc6 41. Rxc6 Rxa3 42. h4 1/2-1/2

[Event "FRA-chT2 0304a"]
[Site "France"]
[Date "2004.03.13"]
[Round "8.9"]
[White "Noally, Thibault"]
[Black "Piquemal, Christiane"]
[Result "1/2-1/2"]
[WhiteElo "2064"]
[BlackElo "2052"]
[PlyCount "81"]
[EventDate "2003.10.??"]
[EventType "team"]
[EventRounds "11"]
[EventCountry "FRA"]
[SourceTitle "EXT 2005"]
[Source "ChessBase"]
[SourceDate "2004.11.15"]
[SourceVersion "1"]
[SourceVersionDate "2004.11.15"]
[SourceQuality "1"]
[WhiteTeam "Echiquier Nicois II"]
[BlackTeam "Marseille EFE"]
[WhiteTeamCountry "FRA"]
[BlackTeamCountry "FRA"]

1. c4 Nf6 2. g3 g6 3. Bg2 c5 4. Nf3 Nc6 5. d4 cxd4 6. Nxd4 Bg7 7. Nc3 0-0 8. 0-0 a6 9. c5 Qa5 10. Nb3 Qb4 11. Bg5 Qg4 12. Qc1 d6 13. cxd6 exd6 14. Rd1 Qe6 15. Qd2 Ne8 16. Bd5 Qd7 17. Rac1 Ne5 18. Bg2 f6 19. Bh6 Rb8 20. Bxg7 Kxg7 21. Ne4 Nf7 22. Nd4 Qe7 23. Qb4 Bd7 24. Nc3 Nc7 25. Na4 Ne6 26. Nb6 Nxd4 27. Rxd4 Bc6 28. Qd2 Bxg2 29. Kxg2 Rbd8 30. e4 Ne5 31. f3 Nc6 32. Rd5 Ne5 33. Rd1 Qc7 34. Qf2 Nd7 35. Nxd7 Rxd7 36. Qd4 Rfd8 37. f4 Qc6 38. Rd2 Kf7 39. Kg1 Ke7 40. Kf2 b5 41. b4 1/2-1/2

[Event "FRA-chT2S"]
[Site "France"]
[Date "2003.04.05"]
[Round "10.9"]
[White "Guadalpi, Celine"]
[Black "Piquemal, Christiane"]
[Result "0-1"]
[WhiteElo "1920"]
[BlackElo "2065"]
[PlyCount "94"]
[EventDate "2002.10.??"]
[EventType "team"]
[EventRounds "11"]
[EventCountry "FRA"]
[SourceTitle "EXT 2004"]
[Source "ChessBase"]
[SourceDate "2003.11.25"]
[SourceVersion "1"]
[SourceVersionDate "2003.11.25"]
[SourceQuality "1"]

1. e4 c5 2. c3 Nf6 3. e5 Nd5 4. d4 cxd4 5. Nf3 e6 6. cxd4 b6 7. Nc3 Bb7 8. a3 Nxc3 9. bxc3 Qc7 10. Bd2 Nc6 11. Bd3 Na5 12. 0-0 Be7 13. a4 Nc4 14. Qe2 Rc8 15. Bxc4 Qxc4 16. Qe3 0-0 17. Rfc1 Qd5 18. Qe2 Rc4 19. a5 b5 20. a6 Bc8 21. Be3 Ra4 22. Rxa4 bxa4 23. c4 Qa5 24. d5 Qxa6 25. d6 Bd8 26. Qa2 Bb7 27. Nd4 f6 28. exf6 Bxf6 29. Nb5 Qc6 30. f3 a6 31. Nc3 Qxd6 32. Nxa4 Qd3 33. Qf2 Bc6 34. Nc5 Qa3 35. Rd1 Rf7 36. Bd4 Be7 37. Nd3 Qb3 38. Qd2 Rf8 39. Ne5 Ba4 40. Ra1 d6 41. Nd3 Ra8 42. Nb2 Bc6 43. Rc1 a5 44. c5 dxc5 45. Bxc5 Bxc5+ 46. Rxc5 Bd5 47. Rc7 Qb6+ 0-1

[Event "FRA-chT2S"]
[Site "France"]
[Date "2003.02.02"]
[Round "7.8"]
[White "Piquemal, Christiane"]
[Black "Perez, Flavio"]
[Result "0-1"]
[WhiteElo "2065"]
[BlackElo "2137"]
[PlyCount "152"]
[EventDate "2002.10.??"]
[EventType "team"]
[EventRounds "11"]
[EventCountry "FRA"]
[SourceTitle "EXT 2004"]
[Source "ChessBase"]
[SourceDate "2003.11.25"]
[SourceVersion "1"]
[SourceVersionDate "2003.11.25"]
[SourceQuality "1"]

1. d4 d5 2. c4 c6 3. e3 Nf6 4. Nc3 e6 5. Nf3 Nbd7 6. Qc2 Bd6 7. b3 0-0 8. Bb2 Qe7 9. Bd3 h6 10. h3 dxc4 11. Bxc4 b5 12. Bd3 Bb7 13. 0-0 Rac8 14. Qe2 e5 15. dxe5 Nxe5 16. Nxe5 Bxe5 17. Rad1 Rfe8 18. Qc2 a6 19. Rd2 Bb8 20. Rfd1 Qe5 21. Ne4 Qh2+ 22. Kf1 Nd5 23. Ng3 Bxg3 24. Bh7+ Kh8 25. Rxd5 cxd5 26. Qf5 d4 27. Bxd4 Qxg2+ 28. Ke2 Bf3+ 29. Qxf3 Qxf3+ 30. Kxf3 Kxh7 31. Kxg3 Rc2 32. a3 Ra2 33. Bc5 Rc8 34. Rd5 Rb2 35. b4 Rb3 36. Rd7 f6 37. Bd4 Kg6 38. h4 h5 39. f4 Rxa3 40. Kf3 Rb3 41. Ra7 Rxb4 42. Rxa6 Rb3 43. Rb6 Kf5 44. Rb7 Rc4 45. Ke2 Rc2+ 46. Kf3 Rc4 47. Ke2 Kg6 48. f5+ Kxf5 49. Rxg7 Rc6 50. Kf3 b4 51. Rg8 Rb1 52. Rh8 Kg6 53. Rg8+ Kf7 54. Rh8 Kg6 55. Rg8+ Kh7 56. Rb8 b3 57. Rb5 Kg6 58. Rb8 Rc2 59. Rb6 b2 60. Ke4 Rf2 61. Bc3 Rh1 62. Bxb2 Rb1 63. Bd4 Rxb6 64. Bxb6 Rh2 65. Kf4 Rxh4+ 66. Kg3 Rb4 67. Bc5 Rc4 68. Bb6 Kf5 69. Bd8 Re4 70. Kf3 Rg4 71. e4+ Kg6 72. Bc7 f5 73. exf5+ Kxf5 74. Bd8 h4 75. Be7 h3 76. Bd6 Rg2 0-1

[Event "FRA-chT2"]
[Site "France"]
[Date "2002.03.09"]
[Round "8"]
[White "Piquemal, Christiane"]
[Black "Saint Arroman, Alain"]
[Result "1-0"]
[WhiteElo "2053"]
[BlackElo "2083"]
[PlyCount "111"]
[EventDate "2002.??.??"]
[EventType "team"]
[EventRounds "11"]
[EventCountry "FRA"]
[SourceTitle "EXT 2003"]
[Source "ChessBase"]
[SourceDate "2002.11.25"]
[SourceVersion "1"]
[SourceVersionDate "2002.11.25"]
[SourceQuality "1"]

1. d4 d5 2. c4 c6 3. Nc3 Nf6 4. Nf3 dxc4 5. a4 Bf5 6. e3 e6 7. Bxc4 Bb4 8. 0-0 0-0 9. Qb3 Qc7 10. Ne5 Nbd7 11. Nxd7 Nxd7 12. e4 Bg6 13. f3 c5 14. Be3 cxd4 15. Bxd4 Bc5 16. Bxc5 Qxc5+ 17. Kh1 Nf6 18. Rad1 Rfd8 19. Ne2 a6 20. Qc3 Rxd1 21. Rxd1 Qf2 22. a5 Nh5 23. Qd4 Qxd4 24. Rxd4 Nf6 25. e5 Nd5 26. Bxd5 exd5 27. Rxd5 Bf5 28. Nd4 Rc8 29. Kg1 Be6 30. Rd6 Kf8 31. Nxe6+ fxe6 32. b4 Ke7 33. Kf2 Rc7 34. h4 g6 35. Ke3 h6 36. Rb6 Rd7 37. g4 Rc7 38. f4 Rc3+ 39. Kd4 Rc7 40. f5 gxf5 41. gxf5 exf5 42. Rxh6 Rd7+ 43. Ke3 Rd1 44. h5 Rf1 45. Rf6 Kd7 46. h6 Rh1 47. Rb6 Kc7 48. Kf4 Rh5 49. Rf6 Kd7 50. Rg6 Kd8 51. e6 Ke7 52. Ke5 f4+ 53. Kxf4 Kd6 54. Kg4 Rh1 55. Kf5 Rf1+ 56. Kg5 1-0

[Event "FRA-chT2"]
[Site "France"]
[Date "2002.01.19"]
[Round "5"]
[White "Goncalves, Laurent"]
[Black "Piquemal, Christiane"]
[Result "1/2-1/2"]
[WhiteElo "2098"]
[BlackElo "2053"]
[PlyCount "87"]
[EventDate "2002.??.??"]
[EventType "team"]
[EventRounds "11"]
[EventCountry "FRA"]
[SourceTitle "EXT 2003"]
[Source "ChessBase"]
[SourceDate "2002.11.25"]
[SourceVersion "1"]
[SourceVersionDate "2002.11.25"]
[SourceQuality "1"]

1. e4 c5 2. Nf3 d6 3. c3 Nf6 4. Be2 e6 5. 0-0 Be7 6. Re1 Nbd7 7. Bf1 Qc7 8. d4 0-0 9. Bg5 h6 10. Bh4 e5 11. Nbd2 a6 12. a4 Re8 13. Nc4 cxd4 14. cxd4 exd4 15. Nxd4 Ne5 16. Rc1 Qd8 17. Bg3 Bf8 18. f3 Nh5 19. Bf2 Nf4 20. Be3 Neg6 21. Ne2 Ne6 22. Nc3 Ne5 23. Nb6 Rb8 24. Ncd5 Bd7 25. b4 Bc6 26. Re2 Bxd5 27. Nxd5 Nc6 28. Rec2 Qh4 29. Qd2 Ne7 30. Ba7 Ra8 31. Bf2 Qh5 32. Nb6 Rad8 33. Bc4 Ng5 34. Nd5 Nxd5 35. Bxd5 Rd7 36. Rc3 Qg6 37. Bg3 Ne6 38. R3c2 Qf6 39. Qc3 Qg6 40. Qd3 Qf6 41. Qd2 h5 42. Bf2 g6 43. Qc3 Qe7 44. Bxe6 1/2-1/2

[Event "FRA-chT2"]
[Site "France"]
[Date "2001.12.09"]
[Round "4"]
[White "Lebel Arias, Julia"]
[Black "Piquemal, Christiane"]
[Result "0-1"]
[WhiteElo "2066"]
[BlackElo "2053"]
[PlyCount "88"]
[EventDate "2002.??.??"]
[EventType "team"]
[EventRounds "11"]
[EventCountry "FRA"]
[SourceTitle "EXT 2003"]
[Source "ChessBase"]
[SourceDate "2002.11.25"]
[SourceVersion "1"]
[SourceVersionDate "2002.11.25"]
[SourceQuality "1"]

1. d4 d5 2. c3 e6 3. Nf3 c5 4. e3 Nc6 5. Nbd2 Nf6 6. Bd3 Be7 7. Ne5 Nxe5 8. dxe5 Nd7 9. f4 b6 10. 0-0 Bb7 11. Nf3 Qc7 12. a4 0-0 13. a5 bxa5 14. Bb1 Rac8 15. Qc2 g6 16. Qf2 f5 17. exf6 Bxf6 18. Qg3 e5 19. Qg4 e4 20. Ne1 Bg7 21. c4 Nf6 22. Qe6+ Kh8 23. cxd5 Bxd5 24. Qa6 Qf7 25. Qxa5 Bc4 26. Rf2 a6 27. h3 Qe7 28. Bc2 Rfd8 29. g4 Nd5 30. g5 Nb4 31. Ba4 Qe6 32. Kh2 Qf5 33. Ng2 Be6 34. h4 Qh3+ 35. Kg1 Qg3 36. Ra3 Nd3 37. Rxd3 exd3 38. Bd2 Bd5 39. Bc3 Bxg2 40. Bxg7+ Kxg7 41. Qc3+ Kg8 42. Rxg2 Qxe3+ 43. Rf2 Rd4 44. Kg2 Qe4+ 0-1

[Event "FRA-chT"]
[Site "France"]
[Date "1999.??.??"]
[Round "11"]
[White "Piquemal, Christiane"]
[Black "Mora, Virginie"]
[Result "1/2-1/2"]
[WhiteElo "2050"]
[BlackElo "2140"]
[PlyCount "73"]
[EventDate "1999.02.??"]
[EventType "team"]
[EventRounds "11"]
[EventCountry "FRA"]
[SourceTitle "EXT 2000"]
[Source "ChessBase"]
[SourceDate "1999.11.16"]
[SourceVersion "1"]
[SourceVersionDate "1999.11.16"]
[SourceQuality "1"]

1. d4 Nf6 2. c4 g6 3. Nc3 Bg7 4. e4 d6 5. Nf3 0-0 6. Bg5 Nbd7 7. Qd2 c6 8. Be2 e5 9. dxe5 dxe5 10. 0-0 Qc7 11. Rfd1 Re8 12. h3 a5 13. Be3 Bf8 14. Bd3 Nc5 15. Bc2 Ne6 16. Ng5 Nc5 17. Nf3 Be6 18. Qe2 Nfd7 19. Ng5 Be7 20. Rd2 f6 21. Nxe6 Nxe6 22. Rad1 Rad8 23. Qg4 Bc5 24. Bxc5 Ndxc5 25. h4 Rxd2 26. Rxd2 Nd4 27. h5 Kg7 28. hxg6 hxg6 29. f4 Qd7 30. Qxd7+ Nxd7 31. fxe5 fxe5 32. Ne2 c5 33. Ba4 Re7 34. Bxd7 Nxe2+ 35. Rxe2 Rxd7 36. Kf2 a4 37. Ke3 1/2-1/2

[Event "FRA-chT"]
[Site "France"]
[Date "1998.04.04"]
[Round "6"]
[White "Moingt, Anne"]
[Black "Piquemal, Christiane"]
[Result "1/2-1/2"]
[WhiteElo "2115"]
[BlackElo "2060"]
[PlyCount "52"]
[EventDate "1998.02.06"]
[EventType "team"]
[EventRounds "11"]
[EventCountry "FRA"]
[SourceTitle "CBM 064 Extra"]
[Source "ChessBase"]
[SourceDate "1998.07.07"]
[SourceVersion "1"]
[SourceVersionDate "1998.07.07"]
[SourceQuality "1"]

1. e4 c5 2. Nf3 d6 3. d4 cxd4 4. Nxd4 Nf6 5. Nc3 a6 6. Be2 e5 7. Nb3 Be7 8. 0-0 0-0 9. Be3 Be6 10. f4 exf4 11. Rxf4 Nc6 12. Kh1 d5 13. exd5 Nxd5 14. Nxd5 Qxd5 15. Qxd5 Bxd5 16. Rd1 Bxb3 17. axb3 Rad8 18. Bb6 Rxd1+ 19. Bxd1 Bf6 20. c3 Re8 21. Kg1 Re1+ 22. Rf1 Rxf1+ 23. Kxf1 Bg5 24. Bg4 Ne7 25. Bf3 Nc6 26. Bg4 Ne7 1/2-1/2

[Event "Corsica rap op"]
[Site "Corsica"]
[Date "1997.??.??"]
[Round "1"]
[White "Agrest, Evgenij"]
[Black "Piquemal, Christiane"]
[Result "1-0"]
[WhiteElo "2505"]
[BlackElo "2055"]
[PlyCount "59"]
[EventDate "1997.??.??"]
[EventType "swiss (rapid)"]
[EventRounds "9"]
[EventCountry "FRA"]
[SourceTitle "EXT 1999"]
[Source "ChessBase"]
[SourceDate "1998.11.16"]
[SourceVersion "1"]
[SourceVersionDate "1998.11.16"]
[SourceQuality "1"]

1. c4 e5 2. Nc3 Nf6 3. Nf3 e4 4. Ng5 Qe7 5. Qc2 Nc6 6. Ngxe4 d6 7. Nxf6+ Qxf6 8. Nd5 Qd8 9. e3 Be6 10. b4 Qd7 11. b5 Ne7 12. Nf4 0-0-0 13. Bb2 h6 14. Bd3 Rg8 15. 0-0 Bf5 16. Bxf5 Nxf5 17. Nd5 Nh4 18. Qe4 Ng6 19. f4 f5 20. Qf3 Qe6 21. g3 h5 22. Qxh5 Rh8 23. Qf3 Rh7 24. a4 Be7 25. a5 Rdh8 26. Rf2 Bd8 27. a6 bxa6 28. Rxa6 Rh3 29. Rxa7 Nh4 30. Nb6+ 1-0

[Event "FRA-ch (Women)"]
[Site "Bastia"]
[Date "1997.??.??"]
[Round "3"]
[White "Nicoara, Malina"]
[Black "Piquemal, Christiane"]
[Result "1/2-1/2"]
[WhiteElo "2180"]
[BlackElo "2070"]
[PlyCount "84"]
[EventDate "1997.??.??"]
[EventType "tourn"]
[EventRounds "9"]
[EventCountry "FRA"]
[SourceTitle "EXT 2001"]
[Source "ChessBase"]
[SourceDate "2000.11.22"]
[SourceVersion "1"]
[SourceVersionDate "2000.11.22"]
[SourceQuality "1"]

1. d4 Nf6 2. c4 g6 3. Nc3 Bg7 4. e4 d6 5. f3 0-0 6. Be3 b6 7. Bd3 c5 8. d5 Nbd7 9. Nh3 Ne5 10. Nf2 Nxd3+ 11. Nxd3 Nd7 12. 0-0 Ne5 13. Nxe5 Bxe5 14. f4 Bg7 15. f5 e6 16. fxe6 fxe6 17. Qd2 e5 18. Bg5 Bf6 19. Bh6 Bg7 20. Rxf8+ Bxf8 21. Bxf8 Kxf8 22. Qh6+ Kg8 23. h4 Bd7 24. Rf1 Qe7 25. Ne2 Rf8 26. Rxf8+ Qxf8 27. Qg5 Kh8 28. h5 gxh5 29. Ng3 Bg4 30. Nxh5 Bxh5 31. Qxh5 Kg7 32. Qg4+ Kh6 33. g3 Qe7 34. Qh3+ Kg7 35. Qf5 h6 36. Kg2 Qf7 37. g4 Qe7 38. Kg3 Qg5 39. Qd7+ Kh8 40. Qe8+ Kg7 41. Qd7+ Kh8 42. Qf5 Kg7 1/2-1/2

[Event "FRA-ch (Women)"]
[Site "Bastia"]
[Date "1997.??.??"]
[Round "8"]
[White "Piquemal, Christiane"]
[Black "Husson, Cybele"]
[Result "1-0"]
[WhiteElo "2070"]
[BlackElo "2115"]
[PlyCount "77"]
[EventDate "1997.??.??"]
[EventType "tourn"]
[EventRounds "9"]
[EventCountry "FRA"]
[SourceTitle "EXT 2001"]
[Source "ChessBase"]
[SourceDate "2000.11.22"]
[SourceVersion "1"]
[SourceVersionDate "2000.11.22"]
[SourceQuality "1"]

1. d4 g6 2. c4 Bg7 3. Nc3 d6 4. e4 Nd7 5. Be3 e5 6. d5 Ne7 7. Qd2 f5 8. f3 f4 9. Bf2 a6 10. Bd3 Nf6 11. Nge2 g5 12. c5 Bd7 13. a4 Ng6 14. b4 Bf8 15. cxd6 Bxd6 16. b5 a5 17. Nc1 g4 18. Nb3 b6 19. Qb2 Qe7 20. Nd2 gxf3 21. gxf3 Bh3 22. Bf1 Bxf1 23. Rxf1 Nd7 24. Rg1 Bc5 25. Nb3 Bxf2+ 26. Qxf2 Qb4 27. Qc2 Nc5 28. Nxc5 Qxc5 29. 0-0-0 Nh4 30. d6 cxd6 31. Nd5 Rc8 32. Qxc5 Rxc5+ 33. Kb2 Nxf3 34. Rg7 Nd4 35. Rdg1 f3 36. Re7+ Kd8 37. Rgg7 Rxd5 38. exd5 Rf8 39. Ra7 1-0